000 00404nam a2200145 a 4500
001 000036623
005 20200930075832.0
008 120123s1999 dr 000 0 spa d
040 _aDO-SdBNP
_bspa
_cBNPHU
082 _axxxx
_bJ55c
100 1 _aJerez, Dominga
_962919
245 1 0 _aPor cumplir mis palabras. /
_cDominga Jerez.
260 _a[Santo Domingo :
_bs. n.,
_c201u?].
300 _a191 p. ;
_c22 cm.
999 _c36114
_d36114